| 000 | 00956nas a2200313 4500 | ||
|---|---|---|---|
| 001 | BR0100999 | ||
| 003 | BR-BrBNA | ||
| 005 | 20231205102130.0 | ||
| 007 | ta | ||
| 008 | 230509b bl.|||p| |||| 00| 00por d | ||
| 040 |
_aBR-BrBNA _bpor _cBiblioteca Nacional de Agricultura |
||
| 041 | _a(Pt) | ||
| 072 | _aF61; F01 | ||
| 100 | 1 | _aPrimavesi, A.C. de A. | |
| 100 | 1 | _aPrimavesi, O. | |
| 100 | 1 | _aGodoy, R. | |
| 245 | 1 | _aTeores e extracao de nutrientes pela forragem de aveia, em funcao de doses de nitrogenio, no manejo de dois cortes e em duas epocas de plantio | |
| 650 | _aAveia Forrageira | ||
| 650 | _aAveia | ||
| 650 | _aForragem | ||
| 650 | _aEpoca de Plantio | ||
| 650 | _aNutriente | ||
| 650 | _aExtracao | ||
| 650 | _aNitrogenio | ||
| 650 | _aCorte | ||
| 773 | 0 |
_tRevista de Agricultura (Brazil) _xISSN 0034-7655 _g(Sep 2000), v. 75(2) p. 197-220 _wBR0100999 |
|
| 909 |
_a202311 _bLúcia _c55 _dLúcia Elande |
||
| 942 |
_2AGRIS _n0 _cANA |
||
| 999 |
_c165907 _d165907 |
||